000 00228 a2200097 4500
001 34961
100 _aChopra
245 _aGenesis of Indo Pak Conflict on Kashmir
260 _aND
_bPatriot Publishers
_c
090 _c23123
_d23123
942 _aNUST-CAE
_cM
_c14585
999 _c270034
_d270034